| 000 | 00392nam a2200157 a 4500 | ||
|---|---|---|---|
| 005 | 20140414132110.0 | ||
| 008 | 110513s19uu xx 00 eng d | ||
| 020 | _a9780545161930 | ||
| 050 |
_aM 598 _bSi4 2009 |
||
| 100 | _aSimon, Seymour | ||
| 245 | _aVampire bats. | ||
| 260 |
_aUSA : _bScholastic, Inc, _c2009. |
||
| 300 | _a32 | ||
| 650 |
_aVampire- _xbats- _xmammals. |
||
| 999 |
_c114718 _d114718 |
||